000 01153nam a2200289 a 4500
001 000005852
003 DO-SdBPM
005 20250219062125.0
007 000005852
008 090824s2018 dr a 000 j spa d
020 _a9789945162943
040 _aDO-SdBPM
_bspa
_cBPMSU
_erda
082 4 _aRD863.5
_bJ58t 2018
_222
100 1 _aJesús Ulerio, Luis Felipe De,
_d1970-
245 1 0 _aTrilogía infantil :
_bJade y los amigos inseparables /
_cLuis Felipe De Jesús Ulerio.
260 _aSanto Domingo :
_bEditora Búho,
_c2018
300 _a51 p. :
_bil. ;
_c22 cm.
490 0 _aLos cuentos de Luisito
500 _aIncluye datos biográficos del autor en la contracubierta.
500 _aIncluye guía de actividades y juegos infantiles
505 0 _aPrimera trilogía infantil ; los cuentos de Luisito --
_gLibro I
_tJade y los amigos inseparables
_gLibro II :
_tJade y el pollito amarillo
_gLibro III :
_t Jade y la fiesta de la hermanita
590 _aInventariado, 2025/VM
650 4 _aCuentos infantiles dominicanos
650 4 _aLiteratura infantil dominicana
910 _aVMateo V. Control de calidad. BPMSU
942 _2ddc
_cBK
999 _c14939
_d14939